Contentious identities (Record no. 12975)
[ view plain ]
| 000 -LEADER | |
|---|---|
| fixed length control field | 01638cam a2200373Ia 4500 |
| 001 - CONTROL NUMBER | |
| control field | 9780203834190 |
| 003 - CONTROL NUMBER IDENTIFIER | |
| control field | BD-DhSAU |
| 005 - DATE AND TIME OF LATEST TRANSACTION | |
| control field | 20151012151723.0 |
| 006 - FIXED-LENGTH DATA ELEMENTS--ADDITIONAL MATERIAL CHARACTERISTICS | |
| fixed length control field | a|||||s||||||||||| |
| 007 - PHYSICAL DESCRIPTION FIXED FIELD--GENERAL INFORMATION | |
| fixed length control field | cr|||| |
| 008 - FIXED-LENGTH DATA ELEMENTS--GENERAL INFORMATION | |
| fixed length control field | 120608s2011 nyu sb 001 0 eng d |
| 020 ## - INTERNATIONAL STANDARD BOOK NUMBER | |
| International Standard Book Number | 9780203834190 (e-book : PDF) |
| 040 ## - CATALOGING SOURCE | |
| Original cataloging agency | BD-DhSAU |
| Transcribing agency | BD-DhSAU |
| 090 ## - LOCALLY ASSIGNED LC-TYPE CALL NUMBER (OCLC); LOCAL CALL NUMBER (OCLC) | |
| Classification number (OCLC) (R) ; Classification number, CALL (RLIN) (NR) | HM1121 |
| Local cutter number (OCLC) ; Book number/undivided call number, CALL (RLIN) | .C48 2011 |
| 092 ## - LOCALLY ASSIGNED DEWEY CALL NUMBER (OCLC) | |
| Classification number | 303.6 |
| Item number | C541 |
| 100 1# - MAIN ENTRY--PERSONAL NAME | |
| Personal name | Chirot, Daniel. |
| 245 10 - TITLE STATEMENT | |
| Title | Contentious identities |
| Medium | [electronic resource] : |
| Remainder of title | ethnic, religious, and nationalist conflicts in today's world / |
| Statement of responsibility, etc. | Daniel Chirot. |
| 250 ## - EDITION STATEMENT | |
| Edition statement | 1st ed. |
| 260 ## - PUBLICATION, DISTRIBUTION, ETC. (IMPRINT) | |
| Place of publication, distribution, etc. | New York : |
| Name of publisher, distributor, etc. | Routledge, |
| Date of publication, distribution, etc. | 2011. |
| 300 ## - PHYSICAL DESCRIPTION | |
| Extent | x, 67 p. |
| 490 1# - SERIES STATEMENT | |
| Series statement | Framing 21st century social issues |
| 504 ## - BIBLIOGRAPHY, ETC. NOTE | |
| Bibliography, etc | Includes bibliographical references (p. 53-54) and index. |
| 505 0# - FORMATTED CONTENTS NOTE | |
| Formatted contents note | 1. From family and tribe to modern nation-state -- 2. Majority-minority problems in modern states and nations and strategies for dealing with them -- 3. War or peace? : the range of possible ethnic and other identity conflicts -- 4. Causes of increasing or decreasing conflicts -- 5. Genocides : the extreme cases of ethnic and religious conflicts -- 6. Contemporary dangers and opportunities. |
| 530 ## - ADDITIONAL PHYSICAL FORM AVAILABLE NOTE | |
| Additional physical form available note | Also available in print edition. |
| 538 ## - SYSTEM DETAILS NOTE | |
| System details note | Mode of access: World Wide Web. |
| 650 #0 - SUBJECT ADDED ENTRY--TOPICAL TERM | |
| Topical term or geographic name as entry element | Social conflict. |
| 650 #0 - SUBJECT ADDED ENTRY--TOPICAL TERM | |
| Topical term or geographic name as entry element | Ethnic conflict. |
| 650 #0 - SUBJECT ADDED ENTRY--TOPICAL TERM | |
| Topical term or geographic name as entry element | Culture conflict. |
| 650 #0 - SUBJECT ADDED ENTRY--TOPICAL TERM | |
| Topical term or geographic name as entry element | Group identity. |
| 655 #7 - INDEX TERM--GENRE/FORM | |
| Genre/form data or focus term | Electronic books. |
| Source of term | lcsh |
| 776 1# - ADDITIONAL PHYSICAL FORM ENTRY | |
| International Standard Book Number | 9780415892001 (pbk.) |
| -- | 9780203834190 |
| 830 #0 - SERIES ADDED ENTRY--UNIFORM TITLE | |
| Uniform title | Framing 21st century social issues. |
| 856 40 - ELECTRONIC LOCATION AND ACCESS | |
| Uniform Resource Identifier | <a href="http://www.tandfebooks.com/isbn/9780203834190">http://www.tandfebooks.com/isbn/9780203834190</a> |
No items available.
